Taylor Swift Longest Songs - Statistics

General Stats
  • This quiz has been taken 40 times
  • The average score is 10 of 15
Answer Stats
Length Song % Correct
5:27 All Too Well
100%
10:13 (TV) All Too Well (10 Minute Version)
81%
6:43 Dear John
81%
5:52 Enchanted
77%
5:06 (TV) Castles Crumbling
71%
6:07 Last Kiss
71%
5:21 (TV) Timeless
71%
5:11 (TV) Foolish One
68%
5:17 Long Live
65%
5:02 Innocent
58%
5:34 Who's Afraid of Little Old Me?
58%
5:40 But Daddy I Love Him
55%
5:04 evermore
55%
5:15 happiness
48%
5:11 Untouchable
42%
No matching quizzes found
Score Distribution
Percent of People with Each Score
Percentile by Number Answered
Your Score History
You have not taken this quiz